Miasta w Polsce zakończone na -ck na mapie - Statystyki

Ogólne statystyki
  • Ten quiz został rozwiązany 376 razy
    318 od ostatniego zresetowania
  • Średni wynik to 5 z 9
Odpowiedzi na mapie
Odpowiedzi zakodowano w zielono-czerwonej skali na mapie do tego quizu, zgodnie z poniższymi procentami.
 
Statystyki odpowiedzi
Województwo Miasto % Poprawnych
Mazowieckie Płock
95%
Pomorskie Puck
77%
Mazowieckie Otwock
71%
Śląskie Kłobuck
53%
Lubelskie Kock
48%
Mazowieckie Serock
41%
Świętokrzyskie Wąchock
41%
Mazowieckie Glinojeck
33%
Mazowieckie Osieck
18%
Nie znaleziono quizów pasujących do podanych kryteriów
Rozkład punktacji
Procent ludzi z każdym wynikiem
Percentyl według liczby udzielonych odpowiedzi
Twoja historia wyników
Nie rozwiązałeś tego quizu od ostatniego zresetowania